Taylor Swift Songs - Statistics

General Stats
  • This quiz has been taken 189 times
  • The average score is 69 of 99
Answer Stats
Hint Answer % Correct
# 22
92%
A All Too Well
90%
O Ours
84%
F Fearless
83%
B Blank Space
82%
R Red
82%
B Bad Blood
81%
L Love Story
81%
B Back to December
80%
M Mine
80%
O Our Song
80%
S Speak Now
80%
Y You Belong with Me
80%
F Fifteen
78%
D Delicate
77%
E Enchanted
77%
I I Knew You Were Trouble
77%
M Mean
77%
S Sparks Fly
77%
D Dear John
76%
G Getaway Car
76%
O Out of the Woods
76%
S Shake It Off
76%
S Style
76%
W We Are Never Ever Getting Back Together
76%
R ...Ready for It?
75%
T Tim McGraw
75%
P Picture to Burn
74%
W White Horse
74%
A All You Had to Do Was Stay
73%
D Don't Blame Me
73%
G Gorgeous
73%
K King of My Heart
73%
W Wildest Dreams
73%
D Dress
72%
H Haunted
72%
M Mary's Song (Oh My My My)
72%
S Stay Stay Stay
72%
T Teardrops on My Guitar
72%
W Wonderland
72%
C Call It What You Want
71%
C Clean
71%
E End Game
71%
H Hey Stephen
71%
H How You Get the Girl
71%
T Treacherous
71%
W Welcome to New York
71%
L Last Kiss
70%
S Superman
70%
Y You Are in Love
70%
B Begin Again
69%
B Better than Revenge
69%
F Forever and Always
69%
I I Did Something Bad
69%
I I Know Places
69%
L Look What You Made Me Do
69%
N Never Grow Up
69%
N New Year's Day
69%
S Should've Said No
69%
S State of Grace
69%
E Everything Has Changed
68%
H Holy Ground
68%
N New Romantics
68%
T This Love
68%
B Breathe
67%
C Change
67%
D Dancing with Our Hands Tied
67%
I I Almost Do
66%
I Innocent
66%
C Cold as You
65%
C Come Back... Be Here
65%
I I Wish You Would
65%
A A Place in This World
64%
T The Way I Loved You
64%
T This Is Why We Can't Have Nice Things
64%
U Untouchable
64%
I Invisible
63%
J Jump Then Fall
63%
L Long Live
63%
S Sad Beautiful Tragic
63%
T The Last Time
63%
A A Perfectly Good Heart
62%
S Starlight
62%
S Superstar
62%
T The Best Day
62%
T Tied Together with a Smile
62%
G Girl at Home
61%
S So It Goes...
59%
Y You're Not Sorry
59%
T The Other Side of the Door
58%
C Come in with the Rain
57%
S Stay Beautiful
57%
T The Outside
57%
T The Story of Us
57%
T The Lucky One
55%
T The Moment I Knew
55%
T Tell Me Why
54%
I If This Was a Movie
53%
I I'm Only Me When I'm with You
53%
No matching quizzes found
Score Distribution
Percent of People with Each Score
Percentile by Number Answered
Your Score History
You have not taken this quiz